| 000 | 00393nam a2200145Ia 4500 | ||
|---|---|---|---|
| 008 | 230917s9999||||xx |||||||||||||| ||und|| | ||
| 040 |
_e138470 _aMAIN |
||
| 041 | _aEnglish | ||
| 082 | _a333.3234 G639F | ||
| 100 | _aGoody, Jack | ||
| 245 | 0 | _aFamily and Inheritance: rural,society in western europe | |
| 260 |
_aLondon _bCambridge University Press _c1976 |
||
| 300 | _a421p. p. | ||
| 942 | _cBK | ||
| 999 |
_c39676 _d39676 |
||